00711nam a2200181 i 450000100060000000300090000600500170001500700030003200800410003510000260007624501510010226000530025330000330030670000310033985200210037099900170039195201210040856481ES-MaACL20230906163359.0t|031009s1914 fr ||||1| fre d1 aDick, Steward.94448714aLes arts & mètiers de l'ancien Japon / cpar Steward Dick ; revu et adapte de l'anglais et prècèdè d'une prèface par Raphaël Petrucci. aBruxelles ; aParis : bVromant et Cie., c1914. a183 p., 80 lám. ; c20 cm.1 aPetrucci, Raphael.9203300 aES-MaACLjG-6328 c56481d56481 00104070aATENEOMbATENEOMcDEPO2d2008-01-17eSCl0oG-6328p1059319r2023-02-23 00:00:00w2023-02-23yMONOGRAFIA